000 00940nam a22003017a 4500
003 CHAP
005 20220329134049.0
008 971013s1969 r 00010 d
010 _a14856
011 _a15828
035 _a19905
040 _cCHAP
082 _a664.752
_bB4Y
100 0 0 _aBennion, Edmund B.
_911622
245 _aFabricación del pan
260 _aZaragoza :
_bAcribia,
_c1969
300 _a404 p.
_b: ilus.
590 _aBATCH-UPD
_b10
_c20130110
_lUCH01
_h0258
590 _aBATCH-UPD
_b10
_c20130110
_lUCH01
_h2249
590 _aBATCH-UPD
_b10
_c20130409
_lUCH01
_h2329
590 _aBATCH-UPD
_b10
_c20130914
_lUCH01
_h1857
590 _aCONVERSION
_b10
_c20130109
_lUCH01
_h1309
650 1 4 _aPanificación.
_985110
901 _aBK
942 _cLIBRO
949 _a664.752 B4Y
_bBC
_cLIBRO
_d-46391
_eLIBRO
_h39306
_i19905
_si
_t400.00
949 _a664.752 B4Y
_bBC
_cLIBRO
_d33724000662961
_eLIBRO
_fc.2
_h45165
_i19905
_si
_t400.00
999 _c14856
_d14856